Rational decisions

Збережено в:
Бібліографічні деталі
Автор: Binmore, K. G.
Формат: Книга
Опубліковано: Princeton University Press
Теги: Додати тег
Немає тегів, Будьте першим, хто поставить тег для цього запису!

MARC

LEADER 00000nam a2200000Ia 4500
005 20260515061619.0
100 |a Binmore, K. G., 
020 |a 9780691149899 
942 |c BK 
245 |a Rational decisions  
260 |b Princeton University Press 
999 |c 86  |d 86 
952 |0 0  |1 0  |4 0  |7 0  |a ABDN  |b ABDN  |d 2026-05-15  |l 0  |p 000070  |r 2026-05-15 06:16:19  |w 2026-05-15  |y BK